Tombes du Père Lachaise en images (4) - Statistiques

Statistiques générales
  • Ce quiz a été pris 21 fois
  • Le résultat moyen est 11 sur 30
Statistiques - réponses
Par images Hint Réponse % Correct
1934-2015 - Humoriste Sylvie {Joly}
100%
1621-1695 - Fabuliste Jean de {La Fontaine}
88%
1939-2019 - Actrice Marie {Laforêt}
81%
1932-2019 - Musicien Michel {Legrand}
75%
1917-2002 - Chanteur Francis {Lemarque}
69%
1836-1904 - Fondateur d'une célèbre pâtisserie Louis Ernest {Ladurée}
69%
1758-1817 - Maréchel d'Empire André {Masséna}
56%
1805-1894 - Créateur de canaux Ferdinand de {Lesseps}
56%
1861-1938 - Pionnier du cinéma Georges {Méliès}
56%
1807-1874 - Homme politique Alexandre {Ledru-Rollin}
44%
1766-1842 - Médecin militaire Dominique-Jean {Larrey}
44%
1765-1840 - Maréchal d'Empire Étienne Jacques Joseph {Macdonald}
44%
1852-1907 - Pharmacien - Prix Nobel Henri {Moissan}
44%
1779-1847 - Comédienne Mademoiselle {Mars}
38%
1908-1961 - Philosophe Maurice Merleau-{Ponty}
31%
1924-2003 - Syndicaliste Henri {Krasucki}
25%
1929-2008 - Couturier Ted {Lapidus}
25%
1884-1920 - Peintre Amedeo {Modigliani}
19%
1940-2019 - Actrice Anna {Karina}
19%
1798-1874 - Historien Jules {Michelet}
19%
1907-1972 - Journaliste Pierre {Lazareff}
13%
1904-1928 - Rugbyman Yves du {Manoir}
13%
1804-1869 - Fondateur du spiritisme Allan {Kardec}
6%
1875-1966 - Danseuse Cléo de {Mérode}
6%
1879-1954 - Syndicaliste - Prix Nobel Léon {Jouhaux}
6%
1883-1956 - Peintre Marie {Laurencin}
6%
1860-1945 - Artiste verrier René {Lalique}
6%
1823-1892 - Compositeur Édouard {Lalo}
0%
1763-1817 - Compositeur du Chant du départ Etienne Nicolas {Méhul}
0%
1923-1991 - Actrice Silvia {Monfort}
0%
Aucun quiz correspondant
Distribution des résultats
% des personnes avec chaque résultat
Percentile par nombre de réponses
Votre historique - résultats
Vous n’avez pas pris ce quiz